| 000 | 00540nam a2200205Ia 4500 | ||
|---|---|---|---|
| 005 | 20260429112120.0 | ||
| 008 | 260429s9999||||xx |||||||||||||| ||und|| | ||
| 020 | _a9788131270141 | ||
| 041 | _aEnglish | ||
| 082 |
_a616.9041 _bMAH |
||
| 100 | _aMahon, Connie R. | ||
| 245 | 0 |
_aTextbook of diagnostic microbiology / _cConnie R. Mahon |
|
| 250 | _a7th ed. | ||
| 260 |
_aAmsterdam : _bElsevier, _c2024. |
||
| 300 | _axii, 1105 p.; hb | ||
| 650 | _a Dianostic | ||
| 650 | _aMicrobiology | ||
| 700 | _a Lehman, Donald C. | ||
| 942 | _cTB | ||
| 999 |
_c52433 _d52433 |
||